[Event "ICS Rated blitz match"]
[Site "207.99.83.227"]
[Date "1999.05.18"]
[Round "?"]
[White "rajah"]
[Black "Hossa"]
[Result "1-0"]
[WhiteElo "2519"]
[BlackElo "2350"]
[Annotator "Crafty v16.6"]
[PlyCount "149"]

{annotating for player ossa using a scoring margin of +0.20 pawns. search time
limit is 10.00} 1. d4 1... Nf6 2. c4 d6 3. Nc3 Nbd7 4. Nf3 e5 5. Bg5 Be7 6.
dxe5 dxe5 7. Qd3 O-O 8. Bxf6 Bxf6 9. O-O-O c6 10. Ne4 Be7 11. Qc3 Qc7 12. g4
Rd8 13. g5 a5 14. Bh3 Bb4 15. Qb3 b5 16. Kb1 bxc4 17. Qc2 Rb8 18. Ka1 Rb5 19.
Qxc4 Be7 20. Qc2 Qb6 21. Rc1 Qb8 22. Rhd1 Rb6 23. a3 Rb3 24. Rb1 c5 25. Rd5 c4
26. Bxd7 Rxd7 27. Rxa5 Qb6 28. Ra4 Rd5 29. Rxc4 Be6 30. Rc6 Qb8 31. Nfd2 Rh3
32. Nf3 Ra5 33. Rc3 Bb4 34. Rd3 Be7 35. Rc1 Rb5 36. Rd2 Qb7 37. Qc7 Bf8 38.
Qxb7 Rxb7 39. Rd8 Ra7 40. Rc5 Ra4 41. Rxe5 Rc4 42. b3 Rc8 43. Rxc8 Bxc8 44. a4
h6 45. gxh6 Bd7 46. a5 Rxh6 47. Kb1 Bg4 48. Nd4 Rxh2 49. a6 Rh6 50. a7 Ra6 51.
Rg5 Bxe2 52. Nxe2 Be7 53. Rb5 Rxa7 54. b4 Ra4 55. Rb8+ Bf8 56. Nc5 Rxb4+ 57.
Rxb4 Bxc5 58. Rb8+ Kh7 59. Rb5 Bxf2 60. Rf5 Bb6 61. Rxf7 Ba5 62. Nd4 Kg6 63.
Ra7 Bc3 64. Ne6 Bf6 65. Kc2 Kh6 66. Rf7 Kh5 67. Kd3 Kg6 68. Rd7 Kh6 69. Ke4 Kh7
70. Nf4 Kh6 71. Kf5 Bh4 72. Rd6+ Kh7 73. Ng6 Bf2 74. Rd8 Bd4 75. Rh8# 1-0

[Event "ICS Rated standard match"]
[Site "207.99.83.227"]
[Date "1999.05.18"]
[Round "?"]
[White "rajah"]
[Black "Hossa"]
[Result "1/2-1/2"]
[WhiteElo "2248"]
[BlackElo "2299"]
[PlyCount "124"]

1. d4 g6 2. c4 Nf6 3. Nc3 d5 4. Nf3 Bg7 5. cxd5 Nxd5 6. Nxd5 Qxd5 7. Bf4 Qa5+
8. Bd2 Qb6 9. Bc3 O-O 10. e3 Bf5 11. Bd3 Bxd3 12. Qxd3 Nd7 13. O-O Rad8 14. e4
c6 15. Rac1 Ne5 16. Nxe5 Bxe5 17. Rcd1 Rd7 18. Qd2 Qa6 19. Qg5 Bg7 20. a3 Rfd8
21. Rc1 Bf6 22. Qc5 Qa4 23. e5 Bh4 24. f4 e6 25. Qb4 Qa6 26. Qa5 Qxa5 27. Bxa5
Re8 28. Rc4 Be7 29. Rfc1 Kg7 30. Bc3 h5 31. Re1 Rg8 32. Re4 Rd5 33. Ra4 a6 34.
Rc4 a5 35. Kh1 Kh6 36. a4 Ra8 37. Re3 Ra6 38. Re2 Kg7 39. Re4 b5 40. axb5 cxb5
41. Rc7 Bd8 42. Rc5 a4 43. Re1 a3 44. bxa3 Rxa3 45. Rc1 Rb3 46. Rc6 Be7 47. Ba1
Bb4 48. Rd1 Ra3 49. Rc2 Re3 50. Kg1 Re1+ 51. Rxe1 Bxe1 52. g3 Bb4 53. h3 Be1
54. Kg2 Kf8 55. Rc8+ Ke7 56. Bb2 b4 57. Rc1 Bd2 58. Rc2 Be3 59. Rc4 Bd2 60. Rc2
Be3 61. Rc4 Bd2 62. Rc2 62... Be3 {Game drawn by repetition} 1/2-1/2

[Event "ICS rated blitz match"]
[Site "207.99.83.227"]
[Date "1999.05.18"]
[Round "?"]
[White "Hossa"]
[Black "nimraz"]
[Result "1-0"]
[WhiteElo "2341"]
[BlackElo "2168"]
[PlyCount "64"]

1. e4 c5 2. Nf3 g6 3. Be2 Bg7 4. O-O Nc6 5. Nc3 d6 6. Bb5 e5 7. d3 Nge7 8. Bg5
O-O 9. Qd2 f6 10. Bh6 Nd4 11. Nxd4 cxd4 12. Bc4+ Kh8 13. Bxg7+ Kxg7 14. Nd5 f5
15. f4 Nxd5 16. exd5 Qf6 17. fxe5 dxe5 18. Rad1 Bd7 19. Bb3 a5 20. c4 b6 21. a4
Rae8 22. Rf3 f4 23. Re1 g5 24. Rf2 g4 25. Re4 Qh4 26. Rfe2 Rf6 27. Rxe5 f3 28.
Rxe8 Bxe8 29. Rxe8 f2+ 30. Kf1 g3 31. h3 Rf3 32. Re4 32... Rxd3 {nimraz resigns
} 1-0

[Event "ICS rated blitz match"]
[Site "207.99.83.227"]
[Date "1999.05.18"]
[Round "?"]
[White "dlfkhg"]
[Black "Hossa"]
[Result "0-1"]
[WhiteElo "2321"]
[BlackElo "2350"]
[PlyCount "90"]

1. e4 e5 2. Nf3 Nc6 3. Bb5 g6 4. O-O Bg7 5. Re1 Nge7 6. c3 O-O 7. d4 exd4 8.
cxd4 d6 9. Nc3 Bg4 10. Be3 Bxf3 11. gxf3 a6 12. Bc4 Qd7 13. Kg2 b5 14. Bb3 Na5
15. Bc2 f5 16. Qd2 fxe4 17. fxe4 Nc4 18. Qc1 Nxe3+ 19. Qxe3 Qg4+ 20. Qg3 Qxg3+
21. hxg3 Bxd4 22. Re2 Bxc3 23. bxc3 Kg7 24. Rd1 Rae8 25. f4 Nc6 26. Rd5 h5 27.
a4 b4 28. cxb4 Nxb4 29. Ra5 h4 30. Bb3 Rb8 31. Bc4 Rb6 32. e5 hxg3 33. Kxg3 Rf5
34. e6 Rxa5 35. e7 Rb8 36. e8=Q Rxe8 37. Rxe8 d5 38. Bb3 Rc5 39. Kg4 Rc3 40.
Bd1 c5 41. Kg5 Kf7 42. Rb8 Rg3+ 43. Bg4 Nd3 44. Rb7+ Ke8 45. Rg7 45... Nf2 {
dlfkhg resigns} 0-1

[Event "ICS rated blitz match"]
[Site "207.99.83.227"]
[Date "1999.05.18"]
[Round "?"]
[White "kyu"]
[Black "Hossa"]
[Result "0-1"]
[WhiteElo "2122"]
[BlackElo "2352"]
[PlyCount "60"]

1. e3 e5 2. d3 Nc6 3. g3 Bb4+ 4. c3 Ba5 5. Bg2 Nf6 6. b4 Bb6 7. Ne2 a5 8. b5
Na7 9. a4 O-O 10. O-O d6 11. Na3 d5 12. Bb2 e4 13. d4 Bg4 14. h3 Bh5 15. g4
Bxg4 16. hxg4 Nxg4 17. Ng3 Qh4 18. Re1 f5 19. Bc1 f4 20. exf4 Qh2+ 21. Kf1 h5
22. c4 c6 23. c5 Bc7 24. b6 Bxf4 25. Bxf4 Rxf4 26. Re2 Rxf2+ 27. Rxf2 Ne3+ 28.
Ke2 Nxd1 29. Rxd1 Qxg3 30. bxa7 30... Qxa3 {kyu resigns} 0-1

[Event "ICS Rated blitz match"]
[Site "207.99.83.227"]
[Date "1999.05.18"]
[Round "?"]
[White "Hossa"]
[Black "Amateur"]
[Result "0-1"]
[WhiteElo "2359"]
[BlackElo "2485"]
[Annotator "Crafty v16.6"]
[PlyCount "98"]

{annotating for player ossa using a scoring margin of +0.20 pawns. search time
limit is 10.00} 1. e4 1... e5 2. f4 exf4 3. Nf3 Nf6 4. e5 Nh5 5. Qe2 Nc6 6. Qf2
({8:-1.25} 6. Qf2 6... d6 7. Bb5 Bd7 8. Bxc6 Bxc6 9. Nc3 Be7 10. Qd4 Bxf3 11.
gxf3 dxe5 12. Qxe5 $17) ({8:-0.55} 6. Nc3 6... Nb4 7. Qe4 g6 8. Bc4 Be7 9. Nd5
9... Bc5 $15) 6... d6 7. Bb5 Bd7 8. Bxc6 ({7:-1.77} 8. Bxc6 8... Bxc6 9. g4
fxg3 10. hxg3 g6 11. g4 Nf4 12. Qe3 $19) ({7:-1.35} 8. Qe2 8... Be7 9. Bxc6
bxc6 10. Nd4 c5 11. exd6 cxd4 12. dxe7 Qxe7 13. Qxe7+ 13... Kxe7 $17) 8... Bxc6
9. O-O Be7 10. Qe2 dxe5 11. Qxe5 Qd5 12. Nc3 Qxe5 13. Nxe5 Bc5+ 14. Kh1 O-O 15.
d3 ({10:-1.04} 15. d3 15... Be8 16. Nd5 Ba4 17. Nxc7 Rac8 18. Nd5 f6 19. b3
Bxb3 20. axb3 20... fxe5 $17) ({10:-0.40} 15. Nxc6 15... bxc6 16. g4 fxg3 17.
Rf5 Bd6 18. Rxh5 g6 19. Rh6 gxh2 20. Rxh2 Bxh2 21. Kxh2 $15) 15... Be8 16. a4
Rd8 17. Nc4 g5 18. Bd2 Bc6 19. Rae1 Bd4 20. Ne4 ({8:-1.30} 20. Ne4 20... h6 21.
Bb4 Rfe8 22. c3 Bg7 23. Nc5 23... Bd5 $17) ({8:-0.97} 20. Na5 20... Bd7 21.
Nxb7 Rb8 22. Re7 Bc8 23. Nb5 23... Bxb2 $17) 20... Bxe4 21. dxe4 c6 22. Bb4
Rfe8 23. c3 Be5 24. Bc5 Bc7 25. Bxa7 Ra8 26. Bb6 Rxa4 27. Bxc7 Rxc4 28. e5 Kg7
29. Kg1 Ra4 30. Kf2 Kg6 31. Re2 Kf5 32. Rfe1 g4 33. Bd6 Rc4 34. Bc7 g3+ 35. Kg1
Ra4 36. b3 Raa8 37. Kh1 Ke6 38. Rd2 Ra3 39. Rd6+ Kf5 40. Rh6 Kg5 41. Rxh7 Kg6
42. Rxh5 Kxh5 43. Rb1 Rea8 44. Bb6 Ra1 45. Rg1 Rxg1+ 46. Bxg1 Ra3 47. Ba7 Rxa7
48. hxg3 fxg3 49. Kg1 Ra1# 0-1

[Event "ICS Rated blitz match"]
[Site "207.99.83.227"]
[Date "1999.05.18"]
[Round "?"]
[White "Hossa"]
[Black "rajah"]
[Result "0-1"]
[WhiteElo "2349"]
[BlackElo "2520"]
[Annotator "Crafty v16.6"]
[PlyCount "68"]

{annotating for player ossa using a scoring margin of +0.20 pawns. search time
limit is 10.00} 1. e4 1... e5 2. f4 exf4 3. Nf3 d5 4. Nc3 ({7:-0.76} 4. Nc3
4... dxe4 5. Nxe4 Qe7 6. Qe2 Nc6 7. Qc4 7... Nf6 $17) ({7:-0.54} 4. exd5 4...
Qxd5 5. Nc3 Qf5 6. Bb5+ Bd7 7. Nd4 Qe5+ 8. Qe2 Qxe2+ 9. Ndxe2 9... Bd6 $15)
4... dxe4 5. Nxe4 Nc6 6. Bb5 Bd7 7. O-O ({8:-1.00} 7. O-O 7... Qe7 8. d3 Nf6 9.
Nxf6+ Qxf6 10. Re1+ Be7 11. Qe2 a6 12. Bc4 $17) ({8:-0.63} 7. Qe2 7... Qe7 8.
d4 O-O-O 9. Bxf4 Re8 10. Ne5 Qh4+ 11. g3 $15) 7... f5 8. Neg5 Bc5+ 9. Kh1 h6
10. Bxc6 bxc6 11. Nh3 g5 12. Ne5 Rh7 13. d4 ({7:+0.74} 13. d4 13... Bd6 14. Qe2
Bxe5 15. dxe5 Be6 16. Qh5+ Bf7 17. Qf3 $16) ({7:+1.02} 13. Qe2 13... Qe7 14.
Qh5+ Kd8 15. Qg6 Qg7 16. Nxc6+ Kc8 17. Qxg7 17... Rxg7 $16) 13... Bd6 14. Qh5+
({7:+0.22} 14. Qh5+ 14... Kf8 15. Nxd7+ Rxd7 16. Re1 Qf6 17. c3 Qf7 18. Qf3
18... Ne7 $10) ({7:+0.58} 14. Qe2 14... Kf8 15. Qc4 Bxe5 16. dxe5 Re7 17. Qc5
17... Kg7 $14) 14... Kf8 15. Re1 Be8 16. Qd1 Re7 17. Qd3 Qc8 18. Rf1 ({7:-1.15
} 18. Rf1 18... Bxe5 19. dxe5 Rxe5 20. Bd2 Qd8 21. Bb4+ Ne7 22. Rad1 Qxd3 23.
Rxd3 $17) ({7:-0.18} 18. Bd2 18... c5 19. Nf2 Bh5 20. Nc4 Rb8 21. Nxd6 21...
cxd6 $10) 18... Bxe5 19. dxe5 Rxe5 20. Bd2 Nf6 21. Bc3 Rd5 22. Qc4 Ng4 23. Bh8
Ne3 24. Qc3 Qd7 25. Rg1 Kg8 26. Bf6 Rd2 27. Rac1 Bf7 28. a4 Re8 29. Bh8 Bh5 30.
Be5 Qd5 31. Bh8 Re7 32. Bf6 f3 33. a5 fxg2+ 34. Rxg2 Qxg2# 0-1

[Event "ICS Rated blitz match"]
[Site "207.99.83.227"]
[Date "1999.05.18"]
[Round "?"]
[White "nimraz"]
[Black "Hossa"]
[Result "0-1"]
[WhiteElo "2124"]
[BlackElo "2340"]
[PlyCount "62"]

1. c4 g6 2. e3 Bg7 3. Nc3 Nf6 4. d4 O-O 5. h4 Nc6 6. d5 Ne5 7. h5 gxh5 8. Rxh5
Nxh5 9. Qxh5 d6 10. Be2 Nd7 11. e4 e5 12. Nf3 Nf6 13. Qh2 Qd7 14. Be3 Ng4 15.
Qh1 Nxe3 16. fxe3 Qe7 17. Kd2 f5 18. Bd3 f4 19. exf4 Rxf4 20. Ne2 Rf6 21. Ng3
Rxf3 22. gxf3 Qg5+ 23. Kc3 Qxg3 24. Rg1 Qh3 25. Qxh3 Bxh3 26. c5 dxc5 27. Kc4
b6 28. d6 Be6+ 29. Kb5 cxd6 30. Kc6 Bxa2 31. Kxd6 31... Rd8+ {nimraz resigns}
0-1

[Event "ICS Rated blitz match"]
[Site "207.99.83.227"]
[Date "1999.05.18"]
[Round "?"]
[White "Hossa"]
[Black "rajah"]
[Result "0-1"]
[WhiteElo "2350"]
[BlackElo "2529"]
[Annotator "Crafty v16.6"]
[PlyCount "97"]

{annotating for player ossa using a scoring margin of +0.20 pawns. search time
limit is 10.00} 1. e4 1... e5 2. Nf3 f5 3. exf5 e4 4. Nd4 Qf6 5. Qh5+ g6 6.
fxg6 hxg6 7. Qd5 Ne7 8. Qxe4 ({8:+0.74} 8. Qxe4 8... Rh4 9. g4 d5 10. Qe3 Bh6
11. g5 11... Bxg5 $16) ({8:+0.98} 8. Qc4 8... Qe5 9. Nb5 c6 10. Qd4 Qxd4 11.
Nxd4 Bg7 12. c3 $16) 8... Rh4 9. g4 d5 10. Qd3 Rxg4 11. Nb5 Qe5+ 12. Be2 c6 13.
N5c3 d4 14. Nd1 Bf5 15. Qf3 ({9:-1.95} 15. Qf3 15... Rf4 16. Qg3 Bg4 17. Qd3
Bxe2 18. Qxe2 Re4 19. Ne3 dxe3 20. fxe3 $19) ({9:-0.50} 15. Qb3 15... Re4 16.
Qd3 Nd7 17. f3 Rf4 18. Qb3 O-O-O 19. Qc4 $15) 15... Rf4 16. Qg3 Bg4 17. Qd3 ({
8:-3.82} 17. Qd3 17... Na6 18. Ne3 Nc5 19. Qa3 Bxe2 20. Kxe2 dxe3 21. dxe3 $19)
({8:-2.17} 17. Nbc3 17... Nf5 18. Qd3 Na6 19. Na4 Bxe2 20. Qxe2 Qxe2+ 21. Kxe2
d3+ 22. Kxd3 22... Rxa4 $19) 17... Nd7 18. Ne3 Nc5 19. Qa3 Bxe2 20. Kxe2 Qe4
21. Rf1 dxe3 22. Qxe3 Qc4+ 23. d3 Qxc2+ 24. Qd2 Qxd2+ 25. Nxd2 Ra4 26. b3 Ra6
27. Bb2 O-O-O 28. d4 Bg7 29. Nf3 Ne6 30. Rfd1 c5 31. Rdc1 Kb8 32. Ke1 cxd4 33.
a3 d3 34. Bxg7 Nxg7 35. Rd1 Rf6 36. Ng5 Rd5 37. Nh3 g5 38. Kf1 g4 39. Ng1 Nef5
40. Kg2 Ne6 41. Kh1 Nc5 42. b4 Ne4 43. Re1 Nfd6 44. f3 gxf3 45. Rf1 f2 46. Rad1
fxg1=Q+ 47. Kxg1 Rg5+ 48. Kh1 Rxf1+ 49. Rxf1 0-1

[Event "ICS Rated blitz match"]
[Site "207.99.83.227"]
[Date "1999.05.18"]
[Round "?"]
[White "Hossa"]
[Black "rajah"]
[Result "1-0"]
[WhiteElo "2334"]
[BlackElo "2545"]
[PlyCount "151"]

1. e4 e6 2. d3 d5 3. Nd2 Nf6 4. Ngf3 Nc6 5. e5 Nd7 6. d4 Be7 7. Bb5 O-O 8. O-O
a6 9. Ba4 b5 10. Bb3 Bb7 11. Qe2 Na5 12. c3 Nxb3 13. axb3 c6 14. Ne1 Rc8 15. b4
Re8 16. Qh5 Ra8 17. Nb3 Nb6 18. Nf3 Nc4 19. Nc5 Qc7 20. b3 Nb6 21. Ng5 Bxg5 22.
Bxg5 Nd7 23. Nxb7 Qxb7 24. Ra5 Nf8 25. Rd1 Ng6 26. Rd3 h6 27. Bxh6 gxh6 28.
Qxh6 Qe7 29. Rh3 Red8 30. Rh5 Ra7 31. h4 Rc8 32. Kh1 Rd8 33. f4 Raa8 34. Kg1
Ra7 35. Ra2 Rdd7 36. Rf2 Rdc7 37. Rf3 Qxh4 38. Rxh4 Nxh4 39. Qxh4 f6 40. Qxf6
Rf7 41. Rg3+ Rg7 42. c4 Rxg3 43. Qxe6+ Kh8 44. Qh6+ Rh7 45. Qf8+ Rg8 46. Qf6+
Rhg7 47. Qh6+ Rh7 48. Qxc6 dxc4 49. bxc4 bxc4 50. Qxc4 Rhg7 51. Qxa6 Rxg2+ 52.
Kf1 Rg1+ 53. Ke2 R8g2+ 54. Kf3 Rg3+ 55. Ke4 Rg6 56. Qc8+ Kh7 57. Kd5 Rg8 58.
Qf5+ R1g6 59. Kc5 R8g7 60. Qe4 Rc7+ 61. Kb5 Rcc6 62. Qxc6 Rxc6 63. Kxc6 Kg6 64.
f5+ Kxf5 65. e6 Kxe6 66. b5 Kf5 67. b6 Kg4 68. d5 Kf3 69. d6 Kg2 70. b7 Kf2 71.
b8=Q Ke2 72. Qg8 Ke3 73. d7 Kf4 74. d8=Q Ke4 75. Qg4+ Ke5 76. Qh8# {
rajah checkmated} 1-0

[Event "ICS Rated blitz match"]
[Site "207.99.83.227"]
[Date "1999.05.18"]
[Round "?"]
[White "rajah"]
[Black "Hossa"]
[Result "1/2-1/2"]
[WhiteElo "2520"]
[BlackElo "2359"]
[PlyCount "146"]

1. d4 g6 2. c4 Nf6 3. Nc3 d5 4. Nf3 Bg7 5. cxd5 Nxd5 6. Nxd5 Qxd5 7. Bf4 Qa5+
8. Qd2 Qxd2+ 9. Bxd2 Bf5 10. Rc1 Nc6 11. d5 Bxb2 12. Rc4 Ne5 13. Rb4 Nxf3+ 14.
gxf3 Be5 15. Rxb7 O-O 16. e4 Bc8 17. Rb3 e6 18. Bb5 Rb8 19. Bc6 Rxb3 20. axb3
exd5 21. f4 Bd6 22. e5 Be7 23. Bxd5 Be6 24. Bxe6 fxe6 25. Ke2 Bc5 26. Rc1 Bb6
27. Rc6 Kf7 28. Be3 Re8 29. h4 Re7 30. b4 Rd7 31. Bc5 h5 32. Ke1 Rd5 33. Ke2
Bxc5 34. bxc5 Rd7 35. Ra6 Rd5 36. c6 Rc5 37. Kd1 Ke8 38. Kd2 Kf8 39. f3 Kg7 40.
Kd1 Rc3 41. Ke2 Rc1 42. Kd3 Kf7 43. Kd2 Rc5 44. Kd1 Ke8 45. Ke1 Kd8 46. Kd2 Ke7
47. Kd3 Kf7 48. Kd4 Rc1 49. Ke3 Kg8 50. Kd2 Rc5 51. Kd1 Kh7 52. Ke1 Kh6 53. Kf1
Rc2 54. Kg1 Kg7 55. Rxa7 Rxc6 56. Kf2 Rc2+ 57. Ke3 Kf7 58. Kd3 Rc1 59. Rb7 Kg7
60. Kd2 Rc5 61. Ke3 Kf7 62. Kd3 Rc1 63. Kd2 Rc6 64. Rb4 Ke7 65. Ra4 Rc5 66. Kd3
Rc1 67. Rc4 Rxc4 68. Kxc4 Kd8 69. Kc5 Kd7 70. Kb5 Kd8 71. Kc5 Kd7 72. Kb5 Kd8
73. Kc5 73... Kd7 {Game drawn by repetition} 1/2-1/2

[Event "ICS Rated blitz match"]
[Site "207.99.83.227"]
[Date "1999.05.18"]
[Round "?"]
[White "Hossa"]
[Black "Quaestor"]
[Result "0-1"]
[WhiteElo "2366"]
[BlackElo "2661"]
[Annotator "Crafty v16.6"]
[PlyCount "73"]

{annotating for player ossa using a scoring margin of +0.20 pawns. search time
limit is 10.00} 1. e4 1... c5 2. Nf3 e6 3. d4 cxd4 4. Nxd4 Nf6 5. Bd3 a6 6. O-O
d6 7. Qf3 Nc6 8. Nxc6 bxc6 9. Nc3 ({9:+0.52} 9. Nc3 9... e5 10. Qg3 c5 11. Qg5
h6 12. Qh4 Bg4 13. Nd5 $14) ({9:+1.07} 9. e5 9... Nd5 10. Qe4 Be7 11. Be2 Bb7
12. c4 Nb4 13. exd6 13... Qxd6 $16) 9... e5 10. Qg3 Rb8 11. b3 Nh5 12. Qg5 ({
9:+0.50} 12. Qg5 12... Qxg5 13. Bxg5 Be7 14. Bxe7 Kxe7 15. Bc4 Nf4 16. Rfe1 c5
17. Rad1 $14) ({9:+0.82} 12. Qf3 12... Nf6 13. Qe2 Ra8 14. Bg5 c5 15. Nd5 Be7
16. Nxe7 16... Qxe7 $16) 12... Qxg5 13. Bxg5 Be7 14. Bxe7 Kxe7 15. Ne2 a5 16.
Rad1 Be6 17. Nc3 Nf4 18. a4 ({8:-0.51} 18. a4 18... d5 19. Rfe1 d4 20. Ne2
Nxe2+ 21. Rxe2 Rhd8 22. Kf1 22... Bg4 $15) ({8:-0.24} 18. f3 18... Rhd8 19. a3
Kf8 20. Ne2 Nxe2+ 21. Bxe2 Ke7 22. Kf2 22... d5 $10) 18... d5 19. f3 d4 20. Ne2
Nxd3 21. Rxd3 c5 22. Kf2 c4 23. bxc4 Rb2 24. c5 Rxc2 25. Rc1 Ra2 26. f4 Rb8 27.
fxe5 Rbb2 28. Re1 Bg4 29. Rxd4 Bxe2 30. Kg3 Ra3+ 31. Kh4 h6 32. Rxe2 Rxe2 33.
e6 Kxe6 34. Kh5 Rxg2 35. h4 Rh3 36. Rd5 f6 37. Rd6+ 0-1

[Event "ICS Rated blitz match"]
[Site "207.99.83.227"]
[Date "1999.05.18"]
[Round "?"]
[White "Hossa"]
[Black "rajah"]
[Result "0-1"]
[WhiteElo "2364"]
[BlackElo "2513"]
[Annotator "Crafty v16.6"]
[PlyCount "126"]

{annotating for player ossa using a scoring margin of +0.20 pawns. search time
limit is 10.00} 1. e4 1... e5 2. f4 exf4 3. Nf3 d5 4. exd5 Nf6 5. Bc4 ({8:-0.68
} 5. Bc4 5... Nxd5 6. Qe2+ Be6 7. Nd4 Qh4+ 8. Kd1 Qe7 9. Re1 9... Kd7 $15) ({
8:-0.22} 5. c4 5... Bd6 6. Qe2+ Qe7 7. Qxe7+ Bxe7 8. d4 Nh5 9. Nc3 O-O 10. Bd3
$10) 5... Nxd5 6. Qe2+ Be6 7. Nc3 Nb4 8. Bb3 ({8:-0.92} 8. Bb3 8... Be7 9. O-O
Bxb3 10. cxb3 Nc2 11. Qb5+ Nd7 12. Rb1 Bc5+ 13. Kh1 $17) ({8:+0.17} 8. Kd1 8...
Qe7 9. Bxe6 fxe6 10. Re1 Nd7 11. a3 Nd5 12. Qxe6 Nxc3+ 13. dxc3 $10) 8... Qe7
9. O-O ({7:-1.16} 9. O-O 9... N8c6 10. Ba4 Qd7 11. Nb5 Bc5+ 12. d4 Bd6 13.
Nxd6+ 13... Qxd6 $17) ({7:-0.84} 9. Ba4+ 9... Nd7 10. d4 O-O-O 11. Bxf4 Nb6 12.
Bb3 Bxb3 13. Qxe7 Bxe7 14. cxb3 $17) 9... Bxb3 10. cxb3 Nd7 11. Qxe7+ Bxe7 12.
d4 g5 13. Nb5 Nd5 14. Re1 g4 15. Ne5 h5 16. Bxf4 ({8:-0.74} 16. Bxf4 16... a6
17. Nxc7+ Nxc7 18. Nxd7 Nd5 19. Be5 Kxd7 20. Bxh8 20... Rxh8 $17) ({8:+0.25} 
16. Nd3 16... f3 17. Bf4 O-O-O 18. Nxc7 Nxf4 19. Nxf4 Bh4 20. Rec1 fxg2 21.
Kxg2 $10) 16... a6 17. Nxc7+ Nxc7 18. Nxd7 Nd5 19. Be5 Kxd7 20. Bxh8 Rxh8 21.
Re5 Kd6 22. Rf1 f6 23. Re2 Rc8 24. a4 h4 25. g3 hxg3 26. hxg3 b5 27. Kg2 bxa4
28. bxa4 Rc4 29. Re4 Rxa4 30. Kh1 Bd8 31. Rf5 Ra1+ 32. Kh2 Rd1 33. Rf2 Bb6 34.
Rxg4 Bxd4 35. Re2 Rd3 36. Rg8 Be5 37. Rg2 Rb3 38. Rd8+ Ke6 39. Re2 a5 40. Ra8
Rb5 41. b3 Rxb3 42. Rxa5 Ne3 43. Kh3 Nf5 44. Ra6+ Kd5 45. Rd2+ Kc4 46. Kg4 Nxg3
47. Rf2 f5+ 48. Rxf5 Nxf5 49. Kxf5 Bd4 50. Rd6 Rb5+ 51. Ke4 Re5+ 52. Kf3 Re1
53. Rd8 Kd3 54. Kg3 Ke4 55. Re8+ Be5+ 56. Kh4 Rh1+ 57. Kg4 Rg1+ 58. Kh3 Kf3 59.
Kh4 Bf4 60. Kh5 Rg5+ 61. Kh4 Rg6 62. Rh8 Rg1 63. Rh7 Rh1# 0-1

[Event "ICS Rated blitz match"]
[Site "207.99.83.227"]
[Date "1999.05.18"]
[Round "?"]
[White "rajah"]
[Black "Hossa"]
[Result "0-1"]
[WhiteElo "2523"]
[BlackElo "2354"]
[PlyCount "144"]

1. c4 g6 2. d4 Bg7 3. Nc3 c5 4. d5 Nf6 5. e4 Qa5 6. Bd2 d6 7. Bd3 O-O 8. Nf3
Na6 9. O-O Qb6 10. Nb5 Nb4 11. Bxb4 cxb4 12. Bc2 a6 13. Nbd4 e5 14. dxe6 fxe6
15. Qd3 Ng4 16. Rad1 Qa5 17. Bb3 Qh5 18. h3 Ne5 19. Nxe5 Bxe5 20. Nf3 Bf4 21.
Qd4 a5 22. Ba4 Qh6 23. c5 dxc5 24. Qxc5 Qg7 25. e5 Qf7 26. Rd6 Qe7 27. Rfd1 Ra6
28. Bb5 Ra8 29. Nd4 Qf7 30. Bc4 Re8 31. g3 Bg5 32. Qb6 Be7 33. Nxe6 Bxd6 34.
Rxd6 Kh8 35. Nc7 Qxc4 36. Nxa8 Bxh3 37. Qxb7 Qf1+ 38. Kh2 Bg4 39. Rd2 Rf8 40.
Qh1 Qxh1+ 41. Kxh1 Bf3+ 42. Kg1 Rc8 43. Kh2 Rxa8 44. Rd3 Rf8 45. e6 Be4 46. Re3
Rxf2+ 47. Kg1 Rg2+ 48. Kf1 Bc6 49. e7 Rxb2 50. e8=Q+ Bxe8 51. Rxe8+ Kg7 52.
Re7+ Kf6 53. Re2 Rb1+ 54. Kf2 a4 55. Ke3 b3 56. axb3 axb3 57. Kd4 Rg1 58. Rf2+
Kg5 59. Rb2 Rxg3 60. Kc4 Kg4 61. Rxb3 Rxb3 62. Kxb3 h5 63. Kb2 Kf5 64. Kc1 h4
65. Kb1 Ke4 66. Kc1 Kd4 67. Kd1 h3 68. Kc2 h2 69. Kd1 h1=Q+ 70. Ke2 Qg2+ 71.
Kd1 Kd3 72. Kc1 72... Qc2# {rajah checkmated} 0-1

[Event "ICS Rated blitz match"]
[Site "207.99.83.227"]
[Date "1999.05.18"]
[Round "?"]
[White "Quaestor"]
[Black "Hossa"]
[Result "1/2-1/2"]
[WhiteElo "2676"]
[BlackElo "2366"]
[PlyCount "125"]

1. d4 g6 2. Nc3 d5 3. e4 dxe4 4. Nxe4 Bg7 5. Nf3 Bg4 6. Bc4 Nf6 7. Neg5 e6 8.
h3 Bf5 9. g4 Be4 10. Nxe4 Nxe4 11. Qe2 Nd6 12. Bg5 Bf6 13. Bf4 g5 14. Be3 Nxc4
15. Qxc4 Qe7 16. O-O-O Nc6 17. h4 gxh4 18. g5 Bg7 19. Rxh4 O-O-O 20. Rdh1 f5
21. R1h2 e5 22. d5 Na5 23. Qb5 f4 24. Bxa7 b6 25. Bxb6 cxb6 26. Rxh7 Rxh7 27.
Rxh7 e4 28. Nd4 Qb7 29. Ne6 Bxb2+ 30. Qxb2 Qxh7 31. Qc3+ Kb8 32. Nxd8 Qh1+ 33.
Kb2 e3 34. Nc6+ Nxc6 35. Qxc6 Qh8+ 36. Kb3 Qd8 37. fxe3 fxe3 38. c4 Ka7 39. g6
Qe7 40. d6 Qd8 41. Kc2 Qf6 42. Qd7+ Ka6 43. Qe8 Qf3 44. Qb5+ Ka7 45. Qd7+ Ka6
46. Qa4+ Kb7 47. Kd3 e2+ 48. Kd2 Qf2 49. Qd7+ Ka6 50. Qb5+ Ka7 51. Qd7+ Ka6 52.
Qa4+ Kb7 53. Kd3 e1=Q 54. Qd7+ Ka8 55. Qc6+ Kb8 56. Qc7+ Ka8 57. Qc8+ Ka7 58.
Qd7+ Kb8 59. Qd8+ Ka7 60. Qd7+ Kb8 61. Qc7+ Ka8 62. Qd8+ Ka7 63. Qd7+ {
Game drawn by repetition} 1/2-1/2

[Event "ICS rated bullet match"]
[Site "207.99.83.227"]
[Date "1999.05.18"]
[Round "?"]
[White "rajah"]
[Black "Hossa"]
[Result "1-0"]
[WhiteElo "2394"]
[BlackElo "2466"]
[Annotator "Crafty v16.6"]
[PlyCount "93"]

{annotating for player ossa using a scoring margin of +0.20 pawns. search time
limit is 10.00} 1. d4 1... Nf6 2. c4 Nc6 3. Nf3 e6 4. Bg5 d5 5. cxd5 exd5 6.
Nbd2 Be7 7. e3 Ne4 8. Bxe7 Nxe7 ({9:-0.33} 8... Nxe7 9. Bd3 Bf5 10. Bxe4 Bxe4
11. Nxe4 dxe4 12. Nd2 O-O 13. Nxe4 13... Qd5 $14) ({9:+0.00} 8... Qxe7 9. Bb5
Bd7 10. Bxc6 Bxc6 11. Ne5 Bb5 12. a4 Nxd2 13. Qxd2 13... f6 $10) 9. Nxe4 dxe4
10. Nd2 Bf5 11. Qb3 O-O 12. Bc4 Qd6 13. O-O Nc6 ({8:-0.54} 13... Nc6 14. Bd5
Rae8 15. Rac1 Nb4 16. Bxb7 Nd3 17. Nc4 $14) ({8:+0.07} 13... c5 14. Qa3 b6 15.
Rad1 Rfd8 16. dxc5 bxc5 17. Qc3 17... Nd5 $10) 14. Qb5 Qb4 ({7:-0.79} 14... Qb4
15. Qxf5 Qxd2 16. d5 Nb4 17. Qxe4 17... Qxb2 $16) ({7:-0.07} 14... Ne7 15. Rac1
b6 16. Qe5 Qxe5 17. dxe5 Rad8 18. Rfd1 $10) 15. Qxf5 Qxd2 16. Qxe4 Rae8 17. Qd5
Qc2 ({8:-1.46} 17... Qc2 18. Qc5 Qd2 19. Rad1 Qb4 20. Bd5 Qxb2 21. Bxc6 bxc6
22. Qxc6 $16) ({8:-1.15} 17... Rd8 18. Qb5 Qb4 19. Rac1 a5 20. a3 Qxb5 21. Bxb5
21... Na7 $16) 18. Rac1 Qd2 19. Qb5 Rb8 20. Rfd1 Qa5 21. Qxa5 Nxa5 22. Bb5 a6
23. Bd7 Nc6 24. d5 Ne5 25. Rxc7 Rfd8 26. Bf5 g6 27. Bh3 a5 28. f4 Nc6 29. d6 f5
30. g4 fxg4 31. Bxg4 Re8 32. d7 Red8 33. Rc8 g5 34. fxg5 Kf7 35. e4 Ke7 36. Rd5
a4 37. e5 Nb4 38. Rd6 a3 39. bxa3 Nxa2 40. Re6+ Kf7 41. Rxb8 Rxb8 42. Re8 Rxe8
43. Bh5+ Kg7 44. dxe8=Q h6 45. gxh6+ Kh7 46. Qg6+ Kh8 47. Qg7# 1-0

[Event "ICS rated blitz match"]
[Site "207.99.83.227"]
[Date "1999.05.18"]
[Round "?"]
[White "Hossa"]
[Black "Sandbagger187"]
[Result "1-0"]
[WhiteElo "2377"]
[BlackElo "1981"]
[PlyCount "69"]

1. e4 d6 2. d4 Nf6 3. Nc3 g6 4. Nf3 Bg7 5. Be2 O-O 6. O-O c6 7. Bg5 b5 8. e5
Ne8 9. a4 b4 10. Na2 a5 11. c3 bxc3 12. Nxc3 d5 13. Qd2 Ba6 14. Bh6 e6 15. Rab1
Nd7 16. Bxa6 Rxa6 17. Qe3 Nb6 18. b3 Nc7 19. Rbc1 Qd7 20. Bxg7 Kxg7 21. Ne2 Rc8
22. Rc5 Ne8 23. Rfc1 Qb7 24. Qd2 Nd7 25. Rxa5 Rxa5 26. Qxa5 Qxb3 27. Qa7 Nb6
28. Ng5 Rc7 29. Qb8 Re7 30. a5 Qd3 31. Qd8 Nc8 32. Ng3 Qd2 33. Rxc6 Qxg5 34.
Rxc8 Kf8 35. a6 {Sandbagger187 resigns} 1-0